Meg on the moon

Bibliographic Details
Main Author: Nicoll, Helen
Format: Book
Published: London : Puffin Books , 2006
Subjects:

MARC

LEADER 00000cam a2200000 7i4500
001 0000004566
005 20220105104003.0
008 070730
020 |a 0141382481 
090 0 0 |a JP   |b ENG (4767) 
100 1 |a Nicoll, Helen 
245 1 0 |a Meg on the moon   |c Helen Nicoll ;Jan Pienkowski 
260 |a London :   |b Puffin Books ,   |c 2006 
500 |a Children age 4-6 years old (yellow) 
650 0 |a Junior fiction   |x English 
999 |a 0000970927   |b Book   |c Children Collection   |e Perbadanan Perpustakaan Awam Johor